000 00505nam a2200181Ia 4500
001 16322
005 20260306170301.0
008 260306t2014||||xx |||||||||||||| ||und||
041 _aESP
082 _a348.21
_bI59
100 _aNorthcote Sandoval, Cristhian
_eAUT
245 0 _aDerechos de los consumidores en el sector inmobiliario, financiero y servicios públicos regulados
260 _c2014
300 _a30 páginas :
_c24 cm.
650 _aGEN
654 _aCDE
942 _cLIB
_dJUS
_fJUS
_2ddc
_n
999 _c16322
_d16322